|
|
|
|
| LEADER |
01127nam a2200253 u 4500 |
| 001 |
10085231 |
| 003 |
upatras |
| 005 |
20210320182304.0 |
| 008 |
100518s2000 gr gre |
| 040 |
|
|
|a GR-PaULI
|c GR-PaULI
|
| 041 |
0 |
|
|a gre
|
| 082 |
0 |
4 |
|a 338.542
|
| 100 |
1 |
|
|a Σταθόπουλος, Αθανάσιος Ν.
|9 87419
|
| 245 |
1 |
0 |
|a Εισαγωγή στην οικονομική και διοικητική των επιχειρήσεων
|c Αθανάσιος Νικ. Σταθόπουλος
|
| 260 |
|
|
|a Αθήνα
|b Το Οικονομικό
|c 2000
|
| 300 |
|
|
|a 1 τ.
|b πιν.
|c 25 εκ
|
| 504 |
|
|
|a Περιέχει βιβλιογραφία
|
| 505 |
0 |
|
|a τ.1. - 283 σ. --
|
| 650 |
|
4 |
|a Οικονομική των επιχειρήσεων
|9 1721
|
| 852 |
|
|
|a GR-PaULI
|b ΠΑΤΡΑ
|b ΒΚΠ
|b ΒΣ1
|k ΑΣΧΕ
|h 338.542 ΣΤΑ
|m 100605
|p 025000182541
|t 1
|3 τ.1
|
| 942 |
|
|
|2 ddc
|c BK15
|
| 952 |
|
|
|0 0
|1 0
|3 τ.1
|4 0
|6 338_542000000000000_ΣΤΑ
|7 0
|9 90987
|a LISP
|b LISP
|c BSC
|d 2016-04-24
|i 100605
|l 0
|o 338.542 ΣΤΑ
|p 025000182541
|r 2016-04-24 00:00:00
|t 1
|w 2016-04-24
|y BK15
|
| 998 |
|
|
|c ΜΠΟΥΡΑΣ
|d 2010-05
|
| 999 |
|
|
|c 60996
|d 60996
|